Statistics for Drake - For All the Dogs (tracklist)

Click here to take the quiz!

General Stats

  • This quiz has been taken 260 times
  • The average score is 15 of 23

Answer Stats

HintAnswer% Correct
7 (ft. Yeat)IDGAF
89%
9 (ft. SZA)Slime You Out
88%
6 (ft. J Cole)First Person Shooter
87%
1Virginia Beach
87%
20 (ft. Sexyy Red and SZA)Rich Baby Daddy
82%
2 (ft. Teezo Touchdown)Amen
78%
5Daylight
70%
3 (ft. 21 Savage)Calling for You
65%
21 (ft. Lil Yachty)Another Late Night
64%
16 (ft. Chief Keef)All the Parties
61%
87969 Santa
60%
4Fear of Heights
60%
178AM in Charlotte
59%
14 (ft. PartyNextDoor)Members Only
59%
10Bahamas Promises
57%
23Polar Opposites
57%
19 (ft. Bad Bunny)Gently
56%
13Drew a Picasso
55%
18BBL Love
52%
15What Would Pluto Do
52%
22Away from Home
48%
11Tried Our Best
48%
12Screw The World
44%

Score Distribution

Percentile by Number Answered

Percent of People with Each Score

Your Score History

You have not taken this quiz